La fin de la démocratie athénienne and la vie économique d'Athènes au IV siècle
Na minha lista:
| Autor principal: | |
|---|---|
| Formato: | Livro |
| Idioma: | francês |
| Publicado em: |
Nueva York
Arno Press
1979
|
| Assuntos: | |
| Tags: |
Adicionar Tag
Sem tags, seja o primeiro a adicionar uma tag!
|
MARC
| LEADER | 00000nam a2200000 a 4500 | ||
|---|---|---|---|
| 001 | UCP9763 | ||
| 003 | CL-VaPUC | ||
| 005 | 20250227152545.0 | ||
| 008 | 000331e19790000US |||||||||||||||||fre|d | ||
| 999 | |c 286549 |d 286547 | ||
| 040 | |c Pontificia Universidad Católica de Valparaíso | ||
| 082 | 0 | 4 | |a 938.04 MOS 1979 |2 21 |
| 100 | |a Mossé, Claude |e auteur |9 501202 | ||
| 245 | 1 | 3 | |a La fin de la démocratie athénienne and la vie économique d'Athènes au IV siècle |
| 260 | |a Nueva York |b Arno Press |c 1979 | ||
| 300 | |a 495 páginas | ||
| 583 | |a last modification |c 20000331 00:00:00 |k Rodrigo Vera | ||
| 650 | 0 | |a Historia antigua |z GRECIA |9 267521 | |
| 650 | 0 | |a Vida económica |z GRECIA |9 388270 | |
| 650 | 0 | |a Democracia |z GRECIA |9 255256 | |
| 650 | 7 | |a CRISIS POLITICAS |2 CL-VaPUC |9 337669 | |
| 650 | 7 | |a CRISIS SOCIAL |2 CL-VaPUC |9 330236 | |
| 651 | 0 | |a Grecia |9 265314 | |
| 651 | 7 | |a ATENAS |2 CL-VaPUC |9 323854 | |
| 942 | |c BK |2 ddc | ||
| 945 | |d 20000331 00:00:00 |a rherrera | ||
| 952 | |0 0 |1 0 |2 ddc |4 0 |6 938_040000000000000_MOS_1979 |7 0 |8 A |9 332546 |a BIBHIS |b BIBHIS |d 2019-11-20 |i 1261800 |l 1 |o 938.04 MOS 1979 |p 1261800 |r 2025-01-20 |s 2024-04-29 |t 1 |w 2019-11-20 |y BK |k HIS | ||